En el texto de Garcilaso /
Un rasgo particular de la lírica culta de los siglos XVI y XVII es el de transmitirse de manera manuscrita. Esta transmisión ocasiona graves problemas al editor que intenta preparar un texto crítico de los poetas de esa época. Los propios poetas de entonces se lamentaban de cómo sus poemas cambiaban...
Gorde:
| Egile nagusia: | |
|---|---|
| Formatua: | Liburua |
| Hizkuntza: | gaztelania |
| Gaiak: | |
| Etiketak: |
Etiketarik gabe, Izan zaitez lehena erregistro honi etiketa jartzen!
|
MARC
| LEADER | 00000nam^a2200000^a^4500 | ||
|---|---|---|---|
| 001 | 000142942 | ||
| 005 | 20250526000000.0 | ||
| 009 | 20260310095707.285 | ||
| 037 | |a Acervo ITESO - Biblioteca | ||
| 041 | |a ESP | ||
| 082 | |a 860. 94604 |b BLE | ||
| 100 | |a Blecua, Alberto |e (autor) | ||
| 245 | 1 | 0 | |a En el texto de Garcilaso / |c A. Blecua ; pról. de Elias L. Rivers. |
| 264 | |a Madrid, España : |b Insula, |c 1970 | ||
| 300 | |a 181 p. ; |c 22.0 cm. | ||
| 520 | |a Un rasgo particular de la lírica culta de los siglos XVI y XVII es el de transmitirse de manera manuscrita. Esta transmisión ocasiona graves problemas al editor que intenta preparar un texto crítico de los poetas de esa época. Los propios poetas de entonces se lamentaban de cómo sus poemas cambiaban a causa de esa transmisión oral y escrita de la época en que vivieron. Esta obra pretende estudiar la poesía de Garcilaso de la Vega y encontrar sus errores de trascripción. El autor, para tal efecto, se basó en la lectura de manuscritos fidedignos que contextualizó históricamente en el ambiente renacentista en que nace y se desarrolla la lírica de Garcilaso. | ||
| 545 | 0 | |a Garcilaso de la Vega (1501-1536), poeta español, nació en Toledo, de ilustre familia. A pesar de su enorme importancia, la obra poética de Garcilaso es una de las más breves de la literatura española: se reduce a tres églogas, dos elegías, una epístola, cinco canciones, treinta y ocho sonetos, unas pocas composiciones siguiendo las características de la lírica tradicional y tres odas en latín. A pesar de ello, ejerció una influencia considerable en la lírica española, pues con él se produjo la ruptura formal y temática con la Edad Media, al introducir las estrofas (silva, lira, octava, soneto), los metros (heptasílabo y endecasílabo) y los temas (mitología, amor y bucolismo) propios de la literatura renacentista italiana. La primera edición de sus obras data de 1543, reunidas por su amigo Juan Boscán (1487-1542) y editadas por la viuda de éste como Las obras de Boscán y algunas de Garcilazo de la Vega; posteriormente se hicieron ediciones en que se separaban los trabajos de ambos poetas, hasta que el hispanista Tomás Navarro Tomás realizó la edición definitiva de la poesía de Garcilaso en 1911. | |
| 649 | |a XX | ||
| 650 | |a Poesía Española - |x Historia y Crítica | ||
| 650 | |a Literatura Española - |x Historia y Crítica | ||
| 650 | |a Literatura Española - |y Epoca Clásica, 1500-1700 | ||
| 650 | |a Literatura Barroca - |z España - |x Historia y Crítica | ||
| 650 | |a Renacimiento - |z España | ||
| 650 | |a Vega, Garcilaso de la - |x Tema Principal | ||
| 910 | |a Fondo Salvador Reynoso Reynoso | ||
| 920 | |a Impresos - Libros | ||
| 930 | |a Libros Antiguos y Raros | ||
| 940 | |a Literatura | ||
| 905 | |a 108 | ||
| 901 | |a 0800015526 |b IT2 |c LRA |u 20250526 | ||
| 902 | |a https://opac.biblio.iteso.mx/vufind/Record/000142942 | ||